LEADER 01487nam 2200469I 450 001 9910708607803321 005 20180514130724.0 035 $a(CKB)5470000002471153 035 $a(OCoLC)1035557684 035 $a(EXLCZ)995470000002471153 100 $a20180514j198312 ua 0 101 0 $aeng 135 $aur||||||||||| 181 $ctxt$2rdacontent 182 $cc$2rdamedia 183 $acr$2rdacarrier 200 10$aDigital multi-shaker modal testing /$fMark Blair, Roy R. Craig 210 1$a[Huntsville, Alabama] :$cNASA Marshall Space Flight Center,$dDecember 1983. 215 $a1 online resource (71 pages) $cillustrations 225 1 $aNASA/CR ;$v170951 300 $a"December 1, 1983." 320 $aIncludes bibliographical references (pages 69-71). 606 $aModal response$2nasat 606 $aDegrees of freedom$2nasat 606 $aAlgorithms$2nasat 606 $aNumerical analysis$2nasat 606 $aComputerized simulation$2nasat 615 7$aModal response. 615 7$aDegrees of freedom. 615 7$aAlgorithms. 615 7$aNumerical analysis. 615 7$aComputerized simulation. 700 $aBlair$b Mark$01388973 702 $aCraig$b Roy R.$f1934- 712 02$aGeorge C. Marshall Space Flight Center, 712 02$aUniversity of Texas at Austin. 801 0$bGPO 801 1$bGPO 906 $aBOOK 912 $a9910708607803321 996 $aDigital multi-shaker modal testing$93440091 997 $aUNINA